| 000 -LEADER |
| fixed length control field |
00565nam a22001817a 4500 |
| 008 - FIXED-LENGTH DATA ELEMENTS--GENERAL INFORMATION |
| fixed length control field |
210410b ||||| |||| 00| 0 eng d |
| 040 ## - CATALOGING SOURCE |
| Original cataloging agency |
BMS College of Architecture |
| 100 ## - MAIN ENTRY--PERSONAL NAME |
| Personal name |
Jagannath, Sindhu |
| 245 ## - TITLE STATEMENT |
| Title |
Ecological Aspects of urban planning |
| 300 ## - PHYSICAL DESCRIPTION |
| Extent |
92p. |
| 500 ## - GENERAL NOTE |
| General note |
1BM07AHD06 |
| 502 ## - DISSERTATION NOTE |
| Degree type |
M.Arch |
| Name of granting institution |
BMS College of Architecture, Visvesvaraya Technological University |
| Dissertation note |
Dissertation |
| Year degree granted |
2009 |
| 650 ## - SUBJECT ADDED ENTRY--TOPICAL TERM |
| Topical term or geographic name as entry element |
Ecological |
| 650 ## - SUBJECT ADDED ENTRY--TOPICAL TERM |
| Topical term or geographic name as entry element |
planning |
| 700 ## - ADDED ENTRY--PERSONAL NAME |
| Personal name |
Rama R Subrahmanian |
| Relator term |
Guide |
| 700 ## - ADDED ENTRY--PERSONAL NAME |
| Personal name |
Satya Prakash Varanasi |
| Relator term |
Guide |
| 942 ## - ADDED ENTRY ELEMENTS (KOHA) |
| Source of classification or shelving scheme |
|
| Koha item type |
PG-Thesis and Dissertations |